Marine Biology

Marine Biology covers the basics of marine biology with a global approach, using examples from numerous regions and ecosystems worldwide. This introductory, one-semester text is designed for non-majors. Authors Castro and Huber have made a special effort to include solid basic science content needed...

Cur síos iomlán

Đã lưu trong:
Sonraí Bibleagrafaíochta
Príomhúdar: Castro, Peter
Formáid: Leabhar
Teanga:Undetermined
Foilsithe: Boston McGraw-Hill 2008
Ábhair:
Clibeanna: Cuir Clib Leis
Gan Chlibeanna, Bí ar an gcéad duine leis an taifead seo a chlibeáil!
Thư viện lưu trữ: Trung tâm Học liệu Trường Đại học Cần Thơ
LEADER 01050nam a2200205Ia 4500
001 CTU_152968
008 210402s9999 xx 000 0 und d
020 |c 85.87 
082 |a 578.77 
082 |b C355 
100 |a Castro, Peter 
245 0 |a Marine Biology 
245 0 |c Peter Castro, Michael E. Huber 
260 |a Boston 
260 |b McGraw-Hill 
260 |c 2008 
520 |a Marine Biology covers the basics of marine biology with a global approach, using examples from numerous regions and ecosystems worldwide. This introductory, one-semester text is designed for non-majors. Authors Castro and Huber have made a special effort to include solid basic science content needed in a general education course, including the fundamental principles of biology, the physical sciences, and the scientific method. This science coverage is integrated with a stimulating, up-to-date overview of marine biology. 
650 |a Marine biology,Sinh học biển 
904 |i Tuyến 
980 |a Trung tâm Học liệu Trường Đại học Cần Thơ